| 000 | 00405nam a2200169Ia 4500 | ||
|---|---|---|---|
| 008 | 210210b2008 xxu||||| |||| 00| 0 eng d | ||
| 020 | _a9788127237530 | ||
| 041 | _aeng | ||
| 082 | _a620.8 SINB | ||
| 100 | _aSINGH (B D) | ||
| 245 | _aBiotechnology | ||
| 260 |
_aLudhiana _bKalyani Publishers _c2008 |
||
| 300 | _axxxvii,694 | ||
| 650 | _aBiotechnology | ||
| 690 | _aBiotechnology | ||
| 906 | _a063645 | ||
| 999 |
_c138600 _d138600 |
||